Loading...
| MB | 3 | 3 | 1 | 2 | 70 | 52 | 95.17 | 1 | 4 | 0.00 | 0.00 |
| BB | 0 | 3 | 0 | 2 | 30 | 130 | 133.67 | 0 | 2 | 0.00 | 0.00 |
| RC | 0 | 3 | 0 | 1 | 30 | 115 | 135.00 | 0 | 1 | 0.00 | 0.00 |
| AG | 1 | 1 | 0 | 0 | 25 | 23 | 63.00 | 2 | 2 | 0.00 | 0.00 |
| TR | 0 | 2 | 0 | 1 | 20 | 115 | 136.50 | 0 | 1 | 0.00 | 0.00 |
| DM | 0 | 1 | 0 | 1 | 10 | 124 | 124.00 | 0 | 0 | 0.00 | 0.00 |
| AWD | 0 | 1 | 0 | 0 | 10 | 106 | 106.00 | 0 | 0 | 0.00 | 0.00 |
| AW | 0 | 1 | 0 | 0 | 10 | 101 | 101.00 | 0 | 1 | 0.00 | 0.00 |
| RR | 0 | 1 | 0 | 0 | 10 | 84 | 84.00 | 0 | 1 | 0.00 | 0.00 |
| AR | 0 | 1 | 0 | 1 | 10 | 129 | 129.00 | 0 | 0 | 0.00 | 0.00 |
| AG | chariots | 15 | 23 |
| MB | Patrick Henry Pearse | 15 | 52 |
| MB | The War with the Newts | 15 | 53 |
| MB | Epicureanism | 15 | 69 |
| MB | the Moon | -5 | 72 |
| RR | core and periphery | 10 | 84 |
| AW | Saturn | 10 | 101 |
| AG | mountain climbing | 10 | 103 |
| AWD | men | 10 | 106 |
| TR | New Zealand | 10 | 115 |